00317nam a2200133Ia 4500008004100000020001500041041001200056082001100068100002000079245002000099260004100119300000800160650001500168221030s9999 xx 000 0 und d a8131706788 aEnglish a105.23 aN. D. Junnarkar 0aMachine Drawing bPearson EducationaNew Delhic2007 a522 aMechanical